Can You Name the Top 100 Longest Coasters in the World? - Statistics

General Stats
  • This quiz has been taken 30 times
  • The average score is 46 of 100
Answer Stats
Hint Answer % Correct
2010 Intimidator
94%
2010 Intimidator 305
94%
2012 Leviathan
94%
2020 Orion
94%
2000 Steel Dragon 2000
94%
2018 Steel Vengeance
94%
1979 Beast
88%
2015 Fury 325
82%
2000 | 2006 Goliath
82%
2022 Iron Gwazi
82%
2000 Millennium Force
82%
1989 Magnum XL 200
76%
2016 Taron
76%
1999 Apollo's Chariot
71%
2021 Velocicoaster
71%
2008 Behemoth
65%
2006 El Toro
65%
2020 F.L.Y
65%
1996 Fujiyama
65%
2012 Shambhala
65%
2002 Silver Star
65%
2006 Voyage
65%
2014 Banshee
59%
2019 Hagrid's Magical Creatures Motorbike Adventure
59%
2000 Legend
59%
2016 Mako
59%
2001 Nitro
59%
1999 Ride of Steel
59%
1997 Steel Force
59%
2000 Superman Ride of Steel
59%
2000 Superman The Ride
59%
2001 Titan
59%
1991 Ultimate
59%
2016 Wildfire
59%
2019 Zadra
59%
2000 Boss
53%
2020 Candymonium
53%
2009 Diamondback
53%
2010 Formula Rossa
53%
2013 Gatekeeper
53%
2019 Hakugei
53%
2018 Hyperion
53%
1998 Mamba
53%
1999 Raging Bull
53%
2015 Twisted Colossus
53%
1996 Wild Thing
53%
1994 Big One
47%
2001 Colossus
47%
2017 DC Rivals
47%
1994 Desperado
47%
2008 Dominator
47%
2005 Hades 360
47%
2014 Helix
47%
1998 Shivering Timbers
47%
2011 Wood Coaster
47%
1997 Big Apple Coaster
41%
1983 Dragon Mountain
41%
2000 Kraken
41%
2007 Maverick
41%
1927 Racer
41%
2000 Boulder Dash
35%
2011 Cheetah Hunt
35%
1996 Colorado Adventure
35%
1995 Dragon Khan
35%
2022 Guardians of the Galaxy: Cosmic Rewind
35%
2011 New Texas Giant
35%
2004 Superman El Ultimo Escape
35%
2008 T Express
35%
1981 American Eagle
29%
1988 Bandit
29%
1994 Comet
29%
1998 Ghostrider
29%
2016 Python in Bamboo Forest
29%
1998 Riddler's Revenge
29%
2015 Schwur Des Karnan
29%
2016 Flying Aces
24%
2001 Incredicoaster
24%
2021 Abyssus
18%
2016 Flash
18%
2011 Green Lantern
18%
2018 Hyper Coaster
18%
1997 Tonnerre 2 Zeus
18%
2001 Do Dodonpa
12%
1979 Gao
12%
1992 Jupiter
12%
1997 Pyrenees
12%
2002 Coaster Express
6%
2019 Falcon
6%
1985 Mindbender
6%
1989 Timberwolf
6%
1995 Twister II
6%
2021 Decepticoaster
0%
1987 Lisebergbanan
0%
2014 Parrot Coaster
0%
2004 Red Falcon
0%
2000 Regina
0%
1993 Surf Coaster Leviathan
0%
2016 Through the Clouds
0%
No matching quizzes found
Score Distribution
Percent of People with Each Score
Percentile by Number Answered
Your Score History
You have not taken this quiz